Estadísticas para Ave María

Haz click aquí para intentar la prueba.

Estadísticas generales

  • Esta prueba ha sido intentada 130 veces
  • La puntuación promedio es 41 de 46

Estadísticas de respuestas

Palabras% Correcto
de
99%
de
99%
de
99%
de
99%
María,
99%
María,
99%
Dios
96%
Dios,
96%
la
95%
en
94%
Madre
94%
y
92%
y
92%
el
91%
el
91%
Santa
91%
Amén.
90%
gracia;
90%
llena
90%
tu
90%
90%
eres
89%
eres
89%
Jesús.
88%
nosotros,
88%
por
88%
es
87%
es
87%
pecadores,
87%
ruega
87%
fruto
86%
las
86%
Te
86%
ahora
85%
Bendita
85%
entre
85%
hora
85%
mujeres,
85%
nuestra
85%
todas
85%
vientre,
85%
bendito
84%
muerte.
84%
Señor
84%
contigo.
83%
Salve,
83%

Distribución de puntuación

Porcentaje por número respondido

Porcentaje de gente con cada puntuación

Historial de tus puntuaciones

No has intentado esta prueba.